Statistiques concernant Toutes les communes de la Meuse sur une carte

Cliquez ici pour prendre le quiz!

Statistiques générales

  • Ce quiz a été pris 27 fois
  • Le résultat moyen est 35 sur 499

Réponses sur la Carte

Les réponses sont colorées sur une échelle allant du rouge au vert en fonction du pourcentage des utilisateurs qui les ont devinées à leur premier essai. Vous pouvez retrouver ces pourcentages ci-dessous.
 

Statistiques - réponses

InitialeRéponsePopulation (2021)% Correct
BBar-le-Duc14 668
92%
VVerdun16 689
79%
CCommercy5 319
63%
MMont-devant-Sassey100
58%
SᵗSaint-Mihiel3 924
42%
VVille-devant-Belrain32
42%
VVille-devant-Chaumont49
42%
VVille-en-Woëvre127
42%
VVille-sur-Cousances140
42%
VVille-sur-Saulx279
42%
ÉÉtain3 473
38%
MMontmédy2 031
38%
VVaucouleurs1 923
38%
CCousances-les-Forges1 667
33%
CCousances-lès-Triconville145
33%
CClermont-en-Argonne1 438
25%
DDamvillers618
25%
DDun-sur-Meuse613
25%
LLigny-en-Barrois3 803
25%
MMangiennes404
25%
MMontigny-devant-Sassey124
25%
MMontigny-lès-Vaucouleurs76
25%
SᵗSaint-Jean-lès-Buzy384
25%
SᵗSaint-Julien-sous-les-Côtes139
25%
SStenay2 471
25%
VVillers-aux-Vents129
25%
VVillers-devant-Dun51
25%
VVillers-le-Sec127
25%
VVillers-lès-Mangiennes74
25%
VVillers-sous-Pareid76
25%
VVillers-sur-Meuse291
25%
AAncerville2 599
21%
BBelrain35
21%
CChaumont-devant-Damvillers47
21%
CChaumont-sur-Aire121
21%
DDommartin-la-Montagne51
21%
SᵗSaint-André-en-Barrois62
21%
SᵗSaint-Laurent-sur-Othain451
21%
SSaulx-lès-Champlon109
21%
VVal-d'Ornain989
21%
BBrillon-en-Barrois704
17%
BBure84
17%
BBuzy-Darmont532
17%
CCombles-en-Barrois775
17%
DDouaumont-Vaux79
17%
ÉÉrize-la-Brûlée179
17%
ÉÉrize-la-Petite44
17%
ÉÉrize-Saint-Dizier190
17%
FForges-sur-Meuse123
17%
(L')IL'Isle-en-Rigault470
17%
LLongeville-en-Barrois1 101
17%
NNant-le-Grand82
17%
NNant-le-Petit74
17%
NNeuville-en-Verdunois51
17%
NNeuville-lès-Vaucouleurs156
17%
NNeuville-sur-Ornain367
17%
PPagny-la-Blanche-Côte230
17%
PPagny-sur-Meuse1 016
17%
PPareid113
17%
PPont-sur-Meuse132
17%
RRupt-aux-Nonains368
17%
RRupt-devant-Saint-Mihiel42
17%
RRupt-en-Woëvre284
17%
RRupt-sur-Othain47
17%
SᵗSaint-Germain-sur-Meuse220
17%
SSassey-sur-Meuse91
17%
SSavonnières-devant-Bar472
17%
SSavonnières-en-Perthois400
17%
VVarennes-en-Argonne633
17%
VVoid-Vacon1 614
17%
BBaudonvilliers376
13%
BBeaumont-en-Verdunois0
13%
BBelleville-sur-Meuse3 021
13%
CCuley125
13%
FFleury-devant-Douaumont0
13%
GGéry52
13%
GGuerpont241
13%
HHaironville572
13%
LLaneuville-au-Rupt196
13%
LLaneuville-sur-Meuse446
13%
LLavincourt73
13%
LLérouville1 403
13%
(Les) PLes Paroches417
13%
LLisle-en-Barrois30
13%
LLoisey286
13%
MMaxey-sur-Vaise283
13%
NNaives-en-Blois152
13%
NNaives-Rosières807
13%
RRevigny-sur-Ornain2 702
13%
SᵗSaint-Aubin-sur-Aire173
13%
SᵗSaint-Hilaire-en-Woëvre183
13%
SᵗSaint-Maurice-sous-les-Côtes348
13%
SᵗSaint-Remy-la-Calonne100
13%
SSaulmory-Villefranche81
13%
SSpincourt818
13%
TTannois397
13%
TTrémont-sur-Saulx588
13%
VVaubecourt313
13%
VVaux-lès-Palameix59
13%
VVigneulles-lès-Hattonchâtel1 574
13%
VVigneul-sous-Montmédy81
13%
AAmel-sur-l'Étang147
8%
AApremont-la-Forêt424
8%
AArrancy-sur-Crusnes464
8%
AAulnois-en-Perthois479
8%
AAvillers-Sainte-Croix74
8%
BBannoncourt161
8%
BBeaulieu-en-Argonne39
8%
BBehonne607
8%
BBrabant-en-Argonne104
8%
BBrabant-le-Roi224
8%
BBrabant-sur-Meuse117
8%
CChardogne300
8%
CChâtillon-sous-les-Côtes175
8%
CCourcelles-en-Barrois45
8%
CCourcelles-sur-Aire42
8%
CCouvonges151
8%
DDammarie-sur-Saulx374
8%
DDombasle-en-Argonne384
8%
DDompierre-aux-Bois37
8%
DDomremy-la-Canne30
8%
DDugny-sur-Meuse1 283
8%
EEuville1 639
8%
FFains-Véel2 090
8%
FFontaines-Saint-Clair38
8%
FFresnes-au-Mont165
8%
FFresnes-en-Woëvre663
8%
GGondrecourt-le-Château1 053
8%
HHan-lès-Juvigny124
8%
HHan-sur-Meuse267
8%
HHaudainville936
8%
HHeudicourt-sous-les-Côtes166
8%
JJuvigny-en-Perthois138
8%
JJuvigny-sur-Loison258
8%
KKœur-la-Grande162
8%
KKœur-la-Petite258
8%
LLabeuville140
8%
LLachaussée279
8%
LLacroix-sur-Meuse670
8%
(Les) HLes Hauts-de-Chée712
8%
(Les) ILes Islettes700
8%
(Les) TLes Trois-Domaines121
8%
LLoison119
8%
LLouppy-le-Château162
8%
LLouppy-sur-Loison112
8%
MMénil-aux-Bois45
8%
MMénil-la-Horgne170
8%
MMénil-sur-Saulx247
8%
MMontiers-sur-Saulx367
8%
MMontplonne143
8%
MMontsec77
8%
MMuzeray130
8%
NNançois-le-Grand77
8%
NNançois-sur-Ornain364
8%
NNonsard-Lamarche223
8%
NNubécourt244
8%
PPillon250
8%
RResson382
8%
RRobert-Espagne766
8%
RRouvrois-sur-Meuse202
8%
RRouvrois-sur-Othain192
8%
SSalmagne287
8%
SSampigny697
8%
SSaudrupt191
8%
SSenon311
8%
SSeuil-d'Argonne517
8%
SSilmont144
8%
SSommelonne410
8%
SStainville379
8%
TThierville-sur-Meuse3 179
8%
TTronville-en-Barrois1 331
8%
VVadonville257
8%
VVaudeville-le-Haut52
8%
VVaudoncourt85
8%
VVavincourt530
8%
VVelaines903
8%
AAbainville285
4%
AAmanty35
4%
AAmbly-sur-Meuse237
4%
AAndernay249
4%
AAubréville358
4%
AAutrécourt-sur-Aire115
4%
AAvioth130
4%
AAzannes-et-Soumazannes161
4%
BBaâlon276
4%
BBadonvilliers-Gérauvilliers128
4%
BBaudrémont43
4%
BBazincourt-sur-Saulx144
4%
BBeausite255
4%
BBelleray507
4%
BBeney-en-Woëvre133
4%
BBeurey-sur-Saulx424
4%
BBiencourt-sur-Orge116
4%
BBilly-sous-Mangiennes366
4%
BBislée62
4%
BBoncourt-sur-Meuse321
4%
BBonnet186
4%
BBonzée360
4%
BBouconville-sur-Madt105
4%
BBouligny2 435
4%
BBouquemont113
4%
BBovée-sur-Barboure127
4%
BBoviolles98
4%
BBrauvilliers170
4%
BBrixey-aux-Chanoines78
4%
BBrizeaux61
4%
BBroussey-en-Blois56
4%
BBroussey-Raulecourt287
4%
BBurey-en-Vaux156
4%
BBurey-la-Côte87
4%
BBuxières-sous-les-Côtes274
4%
CChaillon109
4%
CChalaines308
4%
CChampougny81
4%
CChanteraine187
4%
CChassey-Beaupré79
4%
CChauvoncourt434
4%
CChonville-Malaumont205
4%
CContrisson779
4%
CCouvertpuis83
4%
DDagonville84
4%
DDainville-Bertheléville122
4%
DDelouze-Rosières116
4%
DDemange-Baudignécourt509
4%
DDieue-sur-Meuse1 449
4%
DDombras138
4%
DDommary-Baroncourt738
4%
DDompcevrin358
4%
DDoncourt-aux-Templiers60
4%
DDuzey45
4%
ÉÉpiez-sur-Meuse38
4%
EErneville-aux-Bois141
4%
ÈÈvres89
4%
FFoameix-Ornel224
4%
FFoucaucourt-sur-Thabas61
4%
FFouchères-aux-Bois128
4%
FFrémeréville-sous-les-Côtes124
4%
FFroidos86
4%
GGénicourt-sur-Meuse292
4%
GGeville612
4%
GGimécourt39
4%
GGirauvoisin84
4%
GGivrauval274
4%
GGouraincourt67
4%
GGoussaincourt118
4%
GGrimaucourt-en-Woëvre100
4%
GGrimaucourt-près-Sampigny88
4%
HHannonville-sous-les-Côtes536
4%
HHaudiomont233
4%
HHerméville-en-Woëvre225
4%
HHévilliers154
4%
HHorville-en-Ornois47
4%
HHoudelaincourt273
4%
IIppécourt99
4%
JJametz261
4%
JJonville-en-Woëvre145
4%
JJouy-en-Argonne48
4%
LLahaymeix74
4%
LLahayville30
4%
LLaheycourt360
4%
LLaimont426
4%
LLamorville283
4%
LLatour-en-Woëvre91
4%
LLavallée91
4%
LLavoye148
4%
(Le) BLe Bouchon-sur-Saulx237
4%
LLemmes236
4%
(Les) MLes Monthairons333
4%
(Les) RLes Roises28
4%
LLevoncourt60
4%
LLignières-sur-Aire55
4%
LLongchamps-sur-Aire120
4%
LLongeaux218
4%
LLoupmont70
4%
MMaizey163
4%
MMandres-en-Barrois115
4%
MMarson-sur-Barboure54
4%
MMarville518
4%
MMaulan108
4%
MMauvages244
4%
MMécrin200
4%
MMéligny-le-Grand89
4%
MMéligny-le-Petit75
4%
MMenaucourt237
4%
MMerles-sur-Loison149
4%
MMognéville365
4%
MMorley207
4%
MMoulins-Saint-Hubert183
4%
NNaix-aux-Forges211
4%
NNantois82
4%
NNettancourt241
4%
NNicey-sur-Aire128
4%
NNouillonpont243
4%
NNoyers-Auzécourt275
4%
OOrnes7
4%
OOurches-sur-Meuse223
4%
PPierrefitte-sur-Aire313
4%
PPintheville107
4%
PPretz-en-Argonne62
4%
RRaival243
4%
RRambluzin-et-Benoite-Vaux93
4%
RRambucourt188
4%
RRancourt-sur-Ornain180
4%
RRanzières89
4%
RRarécourt215
4%
RRécourt-le-Creux72
4%
RReffroy74
4%
RRembercourt-Sommaisne315
4%
RRemennecourt46
4%
RRibeaucourt69
4%
RRichecourt56
4%
RRigny-la-Salle366
4%
RRigny-Saint-Martin50
4%
RRumont85
4%
SᵗSaint-Amand-sur-Ornain56
4%
SᵗSaint-Joire235
4%
SᵗSaint-Pierrevillers152
4%
SSaulvaux114
4%
SSauvigny224
4%
SSauvoy67
4%
SSeigneulles157
4%
SSepvigny68
4%
SSeuzey86
4%
SSommeilles181
4%
SSorcy-Saint-Martin1 049
4%
TTaillancourt123
4%
TThillombois30
4%
TThillot210
4%
TTilly-sur-Meuse279
4%
TTréveray550
4%
TTroussey474
4%
TTroyon233
4%
UUgny-sur-Meuse110
4%
VValbois94
4%
VVarnéville50
4%
VVassincourt280
4%
VVerneuil-Grand209
4%
VVerneuil-Petit111
4%
VVignot1 288
4%
VVilleroy-sur-Méholle54
4%
VVillotte-devant-Louppy163
4%
VVillotte-sur-Aire217
4%
VVouthon-Bas41
4%
VVouthon-Haut83
4%
WWaly56
4%
WWarcq184
4%
WWilleroncourt105
4%
WWoël208
4%
WWoimbey127
4%
XXivray-et-Marvoisin113
4%
AAbaucourt-Hautecourt99
0%
AAincreville81
0%
AAncemont535
0%
AAutréville-Saint-Lambert37
0%
AAvocourt121
0%
BBantheville106
0%
BBaulny19
0%
BBazeilles-sur-Othain111
0%
BBeauclair94
0%
BBeaufort-en-Argonne133
0%
BBelrupt-en-Verdunois545
0%
BBéthelainville160
0%
BBéthincourt43
0%
BBezonvaux0
0%
BBlanzée13
0%
BBoinville-en-Woëvre78
0%
BBoureuilles115
0%
BBrandeville178
0%
BBraquis106
0%
BBras-sur-Meuse677
0%
BBréhéville180
0%
BBreux264
0%
BBrieulles-sur-Meuse303
0%
BBrocourt-en-Argonne46
0%
BBrouennes156
0%
CCesse108
0%
CChampneuville123
0%
CCharny-sur-Meuse525
0%
CCharpentry22
0%
CChattancourt176
0%
CChauvency-le-Château229
0%
CChauvency-Saint-Hubert223
0%
CCheppy155
0%
CCierges-sous-Montfaucon45
0%
CCléry-le-Grand91
0%
CCléry-le-Petit188
0%
CCombres-sous-les-Côtes112
0%
CConsenvoye299
0%
CCourouvre39
0%
CCuisy48
0%
CCumières-le-Mort-Homme0
0%
CCunel20
0%
DDamloup124
0%
DDannevoux194
0%
DDelut120
0%
DDieppe-sous-Douaumont193
0%
DDoulcon426
0%
ÉÉcouviez524
0%
ÉÉcurey-en-Verdunois115
0%
EEix261
0%
ÉÉpinonville74
0%
EEsnes-en-Argonne136
0%
ÉÉton208
0%
ÉÉtraye37
0%
FFlassigny44
0%
FFromeréville-les-Vallons209
0%
FFromezey63
0%
FFuteau142
0%
GGercourt-et-Drillancourt115
0%
GGesnes-en-Argonne55
0%
GGincrey62
0%
GGremilly42
0%
GGussainville33
0%
HHalles-sous-les-Côtes139
0%
HHarville113
0%
HHaumont-près-Samogneux0
0%
HHeippes80
0%
HHennemont112
0%
HHerbeuville180
0%
IInor180
0%
IIré-le-Sec159
0%
JJulvécourt56
0%
LLachalade51
0%
LLamouilly85
0%
LLandrecourt-Lempire220
0%
LLanhères56
0%
(Le) CLe Claon50
0%
(Le) NLe Neufour60
0%
(Les) ÉLes Éparges61
0%
(Les) SLes Souhesmes-Rampont319
0%
LLiny-devant-Dun189
0%
LLion-devant-Dun175
0%
LLissey109
0%
LLouvemont-Côte-du-Poivre0
0%
LLuzy-Saint-Martin112
0%
MMaizeray26
0%
MMalancourt69
0%
MManheulles148
0%
MMarchéville-en-Woëvre66
0%
MMarre175
0%
MMartincourt-sur-Meuse70
0%
MMaucourt-sur-Orne50
0%
MMilly-sur-Bradon147
0%
MMogeville74
0%
MMoirey-Flabas-Crépion117
0%
MMontblainville57
0%
MMontbras23
0%
MMontfaucon-d'Argonne290
0%
MMontzéville155
0%
MMoranville104
0%
MMorgemoulin107
0%
MMouilly108
0%
MMoulainville131
0%
MMoulotte89
0%
MMouzay656
0%
MMurvaux139
0%
NNantillois63
0%
NNepvant95
0%
NNeuvilly-en-Argonne221
0%
NNixéville-Blercourt498
0%
OOlizy-sur-Chiers197
0%
OOsches56
0%
PParfondrupt43
0%
PPeuvillers61
0%
PPouilly-sur-Meuse171
0%
QQuincy-Landzécourt131
0%
RRécicourt154
0%
RRegnéville-sur-Meuse50
0%
RRemoiville131
0%
RRéville-aux-Bois128
0%
RRiaville50
0%
RRomagne-sous-les-Côtes122
0%
RRomagne-sous-Montfaucon181
0%
RRonvaux100
0%
RRouvres-en-Woëvre590
0%
SSamogneux100
0%
SSenoncourt-les-Maujouy102
0%
SSeptsarges47
0%
SSivry-la-Perche277
0%
SSivry-sur-Meuse335
0%
SSommedieue974
0%
SSorbey238
0%
SSouilly439
0%
TThonne-la-Long354
0%
TThonne-les-Près125
0%
TThonne-le-Thil276
0%
TThonnelle114
0%
TTrésauvaux69
0%
VVacherauville190
0%
VVadelaincourt75
0%
VVauquois21
0%
VVelosnes144
0%
VVéry86
0%
VVillécloye259
0%
VVilosnes-Haraumont245
0%
VVittarville90
0%
WWatronville100
0%
WWavrille50
0%
WWiseppe88
0%

Distribution des résultats

Percentile par nombre de réponses

% des personnes avec chaque résultat

Votre développement - résultats

Vous n’avez pas pris ce quiz